|
|
|
|
| LEADER |
01076nam a2200253 a 4500 |
| 001 |
3859388 |
| 008 |
091012s1986 sz a i000 0 eng d |
| 010 |
|
|
|a 88111930
|
| 020 |
|
|
|a 9241542101 (pbk.)
|
| 040 |
|
|
|a DLC
|c DLC
|d DLC
|
| 082 |
0 |
0 |
|a 362.1/76
|2 20
|
| 245 |
0 |
0 |
|a Guidelines for training community health workers in nutrition.
|
| 250 |
|
|
|a 2nd ed.
|
| 260 |
|
|
|a Geneva :
|b World Health Organization ;
|a Albany, NY :
|b Obtainable for the WHO Publications Center,
|c 1986.
|
| 300 |
|
|
|a vii, 121 p. :
|b ill. ;
|c 30 cm.
|
| 541 |
1 |
|
|e 00004258
|
| 650 |
|
0 |
|a Community health aides
|x Training of
|z Developing countries.
|
| 650 |
|
0 |
|a Children
|x Nutrition
|z Developing countries.
|
| 650 |
|
0 |
|a Malnutrition in children
|z Developing countries
|x Prevention.
|
| 650 |
|
0 |
|a Rural health services
|z Developing countries.
|
| 710 |
2 |
|
|a World Health Organization.
|
| 852 |
4 |
|
|a Ayesha Abed Library
|j General shelf
|
| 999 |
|
|
|c 8106
|d 8106
|
| 952 |
|
|
|0 0
|1 0
|2 ddc
|4 0
|6 362_176000000000000_GUI_1986
|7 0
|9 9252
|a BRACUL
|b BRACUL
|c GEN
|d 2010-04-18
|g 440.00
|l 0
|o 362.176 GUI
|p 3010004258
|r 2010-04-18
|t 1
|w 2010-04-18
|y BK
|